Statistics for French open men's singles champions by country

Click here to take the quiz!

General Stats

  • This quiz has been taken 91 times
    (18 since last reset)
  • The average score is 15 of 19

Answer Stats

HintAnswer% Correct
38France
100%
18Spain
100%
11United States
100%
3Germany
94%
2United Kingdom
94%
2Argentina
88%
3Brazil
88%
10Sweden
88%
2Switzerland
88%
3Italy
82%
1Russia
82%
1Serbia
82%
11Australia
76%
1Austria
76%
5Czech republic
71%
1Romania
65%
1Hungary
59%
1Ecuador
29%
2Egypt
12%

Score Distribution

Percentile by Number Answered

Percent of People with Each Score

Your Score History

You have not taken this quiz since the last reset